Un tal Lucas / (Registro nro. 1468)
[ vista simple ]
| 000 -CABECERA | |
|---|---|
| fixed length control field | 01064aam a2200325 a 4500 |
| 001 - NUMERO DE CONTROL | |
| control field | 001315062 |
| 003 - CONTROL NUMBER IDENTIFIER | |
| control field | AR-BaBN |
| 005 - FECHA Y HORA DE LA ULTIMA TRANSACCION | |
| control field | 20260311191956.0 |
| 008 - ELEMENTOS DE LONGITUD FIJA-INFORMACION GENERAL | |
| fixed length control field | 140814s2013 ag gr 001 j spa |
| 015 ## - NATIONAL BIBLIOGRAPHY NUMBER | |
| National bibliography number | AR-2013 |
| 020 ## - NUMERO INTERNACIONAL NORMALIZADO PARA LIBROS | |
| Número Internacional Normalizado del libro | 9789870427230 |
| 040 ## - FUENTE DE CATALOGACION | |
| Agencia de catalogación original | AR-BaBN |
| Idioma de catalogación | ESPAÑOL |
| Agencia que realiza la transcripción | AR-BaBN |
| Convenciones de la descripción | aacr |
| 044 ## - COUNTRY OF PUBLISHING/PRODUCING ENTITY CODE | |
| MARC country code | ag |
| ISO country code | ar-c |
| 082 ## - NUMERO DE CLASIFICACION DECIMAL DEWEYMBER | |
| Número de la edición | 21 |
| Número de clasificación | A863 COR |
| 100 1# - ASIENTO PRINCIPAL-NOMBRE PERSONAL | |
| Nombre personal | Cortázar, Julio. |
| Fecha asociada al nombre | 1914-1984 |
| Término relacionador | autor |
| Relationship | aut |
| 245 13 - MENCION DE TITULO | |
| Título | Un tal Lucas / |
| Mención de responsabilidad, etc | Julio Cortázar. |
| 250 ## - MENCION DE EDICION | |
| Mención de edición | 2a ed. |
| 260 ## - PUBLICACION, DISTRIBUCION, ETC. | |
| Lugar de publicación, distribución, etc. | Buenos Aires : |
| Nombre del editor, distribuidor, etc. | Alfaguara, |
| Fecha de publicación, distribución, etc | 2013. |
| 300 ## - DESCRIPCION FISICA | |
| Extensión | 188 p. ; |
| Dimensiones | 21 cm. |
| 490 1# - MENCION DE SERIE | |
| Mención de serie | Biblioteca Julio Cortázar |
| 655 #4 - TERMINO DE INDIZACION - GENERO/FORMA | |
| Datos o término principal de género/forma | Cuento |
| 929 #1 - DATOS DE ADQUISICION | |
| Procedencia | DONACION |
| Proveedor | MINISTERIO DE EDUCACIÓN DE LA NACIÓN |
| Orden de compra | 0 |
| Precio | 0 |
| Fecha de recibido | 2017 |
| Patrimonio UNQ | PAT 0084962 |
| Es copia | 1 |
| Número de inventario | 62931 |
| 930 #1 - EQUIVALENCE OR CROSS-REFERENCE-UNIFORM TITLE HEADING [LOCAL, CANADA] | |
| Language of a work | BNA01 |
| Medium of performance for music | LIBRO |
| Linkage | 00960171 |
| Field link and sequence number | 20140814 |
| Date of a work | 11 |
| Miscellaneous information | 25868 |
| Version | 03 |
| Number of part/section of a work | 001 |
| Arranged statement for music | 001315062 |
| 942 ## - ELEMENTOS DE PUNTO DE ACCESO ADICIONAL (KOHA) | |
| Source of classification or shelving scheme | |
| Suppress in OPAC | 0 |
| Tipo de ítem Koha | Libros |
| 956 ## - LOCAL ELECTRONIC LOCATION AND ACCESS (OCLC) | |
| Host name | EPASTRANA |
| Access number | 00 |
| Compression information | 20140814 |
| Logon | BNA01 |
| Processor of request | 1325 |
| 956 ## - LOCAL ELECTRONIC LOCATION AND ACCESS (OCLC) | |
| Host name | EPASTRANA |
| Access number | 00 |
| Compression information | 20140814 |
| Logon | BNA01 |
| Processor of request | 1325 |
| 956 ## - LOCAL ELECTRONIC LOCATION AND ACCESS (OCLC) | |
| Host name | KRODRIGUEZ |
| Access number | 20 |
| Compression information | 20150720 |
| Logon | BNA01 |
| Processor of request | 1327 |
| 956 ## - LOCAL ELECTRONIC LOCATION AND ACCESS (OCLC) | |
| Host name | FORTIZ |
| Access number | 20 |
| Compression information | 20170712 |
| Logon | BNA01 |
| Processor of request | 1139 |
| Estado de retiro | Estado de pérdida | Ubicación permanente | Ubicación actual | Ubicación en estantería | Fecha de ingreso | Total Checkouts | Signatura topográfica completa | Inventario | Date last seen | Número de copia | Tipo de ítem Koha | Operador |
|---|---|---|---|---|---|---|---|---|---|---|---|---|
| Biblioteca ESET - UNQ | Biblioteca ESET - UNQ | SALA | 11/03/2026 | A863 COR | 62931 | 11/03/2026 | 1 | Libros | Gladys Alarcon |